Malcom- Ninho - Statistiques

Statistiques générales
  • Ce quiz a été pris 182 fois
  • Le résultat moyen est 251 sur 414
Statistiques - réponses
Paroles % Correct
m'a
98%
comme
92%
peu
91%
Trois
90%
trois
90%
la
89%
89%
La
89%
là,
89%
j'vais
87%
Je
86%
je
86%
mourir
86%
a
85%
à
85%
grammes,
85%
me
85%
Me
85%
clopes
84%
le
83%
Malcom
83%
"d'à
81%
d'à
81%
de
80%
Lacoste
80%
René
79%
dans
78%
Dans
78%
Et
78%
et
78%
mais
77%
pas
76%
drogue
74%
Al
73%
les
73%
Il
72%
peut-être
72%
tomber
72%
ce
70%
se
70%
te
70%
Phillipp
69%
quand
69%
Quand
69%
n'oublie
68%
pardonne
67%
derniers
66%
en
66%
mafieux
66%
Méfiant,
66%
on
66%
On
66%
"on
66%
pour
66%
premiers
66%
seront
66%
au
65%
Au
65%
Capone
65%
ils
65%
Ils
65%
tu
65%
un
65%
ces
64%
que
64%
des
63%
feront
63%
noir
63%
Plein,
63%
si
63%
tricher
63%
trop
63%
ami
62%
c'est
62%
J'suis
62%
j'suis
62%
moi
62%
moi,
62%
ap'
61%
ap',
61%
pourront
61%
Avec
60%
avec
60%
Beaucoup
60%
beaucoup
60%
dit",
60%
dit,
60%
dit
60%
dit"
60%
eux,
60%
eux
60%
parce
60%
parle,
60%
T'es
60%
t'es
60%
entre
59%
plus
59%
demande
58%
envieux
58%
fait
58%
miné,
58%
58%
toi
58%
tout
58%
Tout
58%
Trés
58%
trés
58%
amitié
57%
aprés
57%
après
57%
laisse
57%
m'appelle
57%
obligé
57%
pourquoi
57%
pourquoi,
57%
Q.G
57%
suite,
57%
ton
57%
une
57%
billets
56%
est
56%
Fumée
56%
grise,
56%
parlent
56%
poumon
56%
qui
56%
temps
56%
veut
56%
vite,
56%
vite
56%
vous
56%
deux
55%
dis
55%
paraît
55%
passe
55%
ta
55%
tentatives,
55%
tentatives
55%
donc
54%
heureux,
54%
heureux
54%
j'les
54%
j'répondrais
54%
quoi
54%
réflechir
54%
réfléchir
54%
bif
53%
malheureux
53%
moitié
53%
s'retrouve
53%
aux
52%
désireux
52%
j'avais
52%
j'dois
52%
J'dois
52%
parceque
52%
sais
52%
baltringue
51%
étiez ?
51%
métier,
51%
appartient
50%
euros
50%
fera
50%
fusée
50%
j'peux
50%
J'peux
50%
neuronnes
50%
petite
50%
chanceux,
49%
j'réponds
49%
l'avenir
49%
milliers
49%
pieds
49%
soeur
49%
c'que
48%
l'quartier
48%
rhabiller
48%
brisent
47%
maîtrise
47%
mes
47%
qu'une
47%
perds
45%
street
45%
biff
44%
miens
44%
retiens,
44%
boufferont
43%
du
43%
j'arrive
43%
nous
43%
rend
43%
rue
43%
bien
42%
GT
42%
handicap
42%
blanc,
41%
bleu,
41%
profitent
41%
rouge
41%
500
40%
autodidacte,
40%
gains,
40%
J'ai
40%
simagrées
40%
d'paroles
39%
d'actes
38%
n'y
38%
pays
38%
Y'a
38%
y'a
38%
dis-moi
37%
même
37%
qu'on
37%
choses
35%
Demandes
35%
demandes
35%
j'étais
35%
aujourd'hui
34%
candidat
34%
mère
34%
promis
34%
font
33%
l'meilleur
33%
d'ma
32%
comment
31%
hâte
31%
J'crois
31%
manières
31%
savais
31%
Faut
30%
j'abandonnerai
30%
l'équipe
30%
loyer
30%
barrage
29%
côte,
29%
môme,
29%
j'reviendrai
28%
qu'j'étais
28%
cadeaux
27%
télé,
27%
connes
26%
hits
26%
hotte
26%
qu'le
26%
Sevran-Beaudottes,
24%
surtout
24%
l'assoc'
20%
Aucun quiz correspondant
Distribution des résultats
% des personnes avec chaque résultat
Percentile par nombre de réponses
Votre historique - résultats
Vous n’avez pas pris ce quiz